| 000 | 01128nam a22002537a 4500 | ||
|---|---|---|---|
| 005 | 20240305165440.0 | ||
| 007 | cr|||| ||u| | ||
| 008 | 160503s xxu||||| |||| 00||0 eng d | ||
| 020 | _a978-85-7456-239-1 | ||
| 035 | _a14192 | ||
| 040 | _avLex | ||
| 090 |
_c6048 _d6048 |
||
| 100 | _aSérgio Liporoni, Antonio | ||
| 245 | 1 | 0 |
_aPosse e Domínio. Aspectos pertinentes à Perícia Judicial _h[Recurso electrónico] / _cAntonio Sérgio Liporoni |
| 256 | _aServicio en línea | ||
| 260 |
_aBrasil _bLEUD - Livraria e Editora Universitária de Direito, _c2008 |
||
| 300 | _a1 recurso electrónico (2º edição 184 págs) | ||
| 506 | 1 |
_aContenido solo disponible en los productos indicados _dvLex Global _dvLex Global (Academic Edition, excluding Law Schools) _dvLex Global (U.S. Academic Edition, Law Schools) _dvLex Global (U.S. Academic Edition, excluding Law Schools) _dvLex Global (Academic Edition, Law Schools) |
|
| 650 | 0 | 4 |
_aDerecho _zBrasil |
| 700 | 1 | _aMartins Benite, Odair | |
| 740 | 0 | _avLex libros (servicio en línea) | |
| 856 | 4 | 0 | _uhttps://app.vlex.com/#/sources/posse-fominio-14192 |
| 942 | _cRAA | ||
| 999 |
_c164345 _d164345 |
||